Countries Of Yugoslavia - Statistics

General Stats
  • This quiz has been taken 56 times
  • The average score is 7 of 7
Answer Stats
Answer % Correct
Dissolved From Serbia-Montenegro: 2006 May 21 Montenegro
100%
Dissolved From Yugoslavia: 1991 September 8 North Macedonia
100%
Dissolved From Yugoslavia:1991 June 25 Slovenia
100%
Dissolved From Yugoslavia: 1992 March 1 Bosnia And Herzegovina
96%
Dissolved From Yugoslavia:1991 June 25 Croatia
96%
Dissolved From Serbia-Montenegro: 2006 June 5 Serbia
96%
Dissolved From Serbia: 2008 February 17 Kosovo
92%
No matching quizzes found
Score Distribution
Percent of People with Each Score
Percentile by Number Answered
Your Score History
You have not taken this quiz